Missing Word: This, That And The Other - Movies Quiz Stats

 Plays Quiz Updated Sep 30, 2014

Challenge
Share
Tweet
Embed
Score 0/20 Timer 03:00
0 Plays Today
Word Missing Word % Correct
ThatAll
93.6%
ThisWar
92.2%
ThatThing
89.3%
The OtherSide
88.7%
The OtherGirl
88.2%
AndBandit
85.3%
ThisSpinal
83.6%
AndKicking
78.1%
ThatJazz
76.7%
AndTwo
75.5%
Word Missing Word % Correct
ThisEnd
73.8%
AndDeliver
72.9%
ThatBoy
64.3%
The OtherWoman
63.8%
ThisLife
54.3%
AndReal
46.3%
The OtherGuys
42.9%
This40
37.7%
The OtherMan
34.2%
ThatAwkward
25.8%

Today's Daily Dose

You're not logged in!

Compare scores with friends on all Sporcle quizzes.
Join for Free
OR
Log In

You Might Also Like...

Show Comments

Extras

Top Quizzes Today


Score Distribution

Your Account Isn't Verified!

In order to create a playlist on Sporcle, you need to verify the email address you used during registration. Go to your Sporcle Settings to finish the process.

Report this User

Report this user for behavior that violates our Community Guidelines.

Details: